Suomen kuntien entiset nimet - Statistics

Yleistilastot
  • Tätä visaa on pelattu 186 kertaa
    128 viimeisimmän päivityksen jälkeen
  • Keskiarvotulos 28 / 71
Vastaustilastot
Vanha nimi Nykyinen nimi Maakunta % Oikein
Helsingin maalaiskunta Vantaa Uusimaa
87%
Kemin maalaiskunta Keminmaa Lappi
78%
Etelä-Pirkkala Pirkkala Pirkanmaa
78%
Tammisaari Raasepori Uusimaa
73%
Kuhmoniemi Kuhmo Kainuu
72%
Pieksämä Pieksämäki Etelä-Savo
71%
Ätsäri Ähtäri Etelä-Pohjanmaa
70%
Toijala Akaa Pirkanmaa
70%
Vammala Sastamala Pirkanmaa
68%
Vöyri-Maksamaa Vöyri Pohjanmaa
66%
Askula Askola Uusimaa
65%
Kyrö Isökyrö Etelä-Pohjanmaa
65%
Muonionniska Muonio Lappi
65%
Pohjois-Pirkkala Nokia Pirkanmaa
65%
Yliveteli Veteli Pohjanmaa
63%
Kyläkarvia Karvia Satakunta
62%
Punkalaitio Punkalaidun Pirkanmaa
61%
Kuolajärvi Salla Lappi
59%
Nikolainkaupunki Vaasa Pohjanmaa
59%
Pietarsaaren maalaiskunta Pedersöre Pohjanmaa
57%
Taipale Taipalsaari Etelä-Karjala
57%
Haapajärvi Haapavesi Pohjois-Pohjanmaa
56%
Turtola Pello Lappi
54%
Brahea Lieksa Pohjois-Karjala
49%
Länsi-Turunmaa Parainen Varsinais-Suomi
49%
Pyhäsalmi Pyhäjärvi Pohjois-Pohjanmaa
46%
Viitasalo Viitasaari Keski-Suomi
46%
Oulujärvi Paltamo Kainuu
44%
Vehkalahden Uusikaupunki Hamina Kymenlaakso
43%
Kustaa Adolfin pitäjä Hartola Päijät-Häme
43%
Uudenlinnan malmi Savonlinna Etelä-Savo
43%
Savilahti / Suur-Savo Mikkeli Etelä-Savo
42%
Sodankylän Alaperä Pelkosenniemi Lappi
42%
Kianta Suomussalmi Kainuu
42%
Säräisniemi Vaala Pohjois-Pohjanmaa
42%
Pulkkila Siikalatva Pohjois-Pohjanmaa
39%
Kalainen Uusikaupunki Varsinais-Suomi
38%
Kuusjärvi Outokumpu Pohjois-Karjala
35%
Nummi Kaarina Varsinais-Suomi
32%
Pyhämaan Rohdainen Pyhäranta Varsinais-Suomi
29%
Kasurila Siilinjärvi Pohjois-Savo
28%
Porras Tammela Kanta-Häme
28%
Degerby Loviisa Uusimaa
27%
Matkaniva Oulainen Pohjois-Pohjanmaa
27%
Koskenalusta Seinäjoki Etelä-Pohjanmaa
27%
Koppöstad Kristiinankaupunki Pohjanmaa
25%
Rutakko Sonkajärvi Pohjois-Savo
25%
Jukainen Juva Etelä-Savo
24%
Keminkylä Savukoski Lappi
24%
Lapuanjoensuu Uusikaarlepyy Pohjanmaa
24%
Jokijärvi Taivalkoski Pohjois-Pohjanmaa
23%
Vintala Vimpeli Etelä-Pohjanmaa
23%
Prunkkala Aura Varsinais-Suomi
20%
Pidisjärvi Nivala Pohjois-Pohjanmaa
20%
Airanne Urjala Pirkanmaa
20%
Kivimaa Kustavi Varsinais-Suomi
19%
Maanselkä Kuusamo Pohjois-Pohjanmaa
19%
Savijoki Pukkila Uusimaa
19%
Lahtinen Ikaalinen Pirkanmaa
18%
Ylistaro Koski Tl Varsinais-Suomi
18%
Poras Kruunupyy Pohjanmaa
18%
Kirveskoski Pornainen Uusimaa
18%
Särkilahti Ylitornio Lappi
18%
Peräkylä Ylöjärvi Pirkanmaa
18%
Evijärvi Sievi Pohjois-Pohjanmaa
16%
Joukio Parikkala Etelä-Karjala
13%
Palvasalmi Saarijärvi Keski-Suomi
13%
Perttula Ypäjä Kanta-Häme
11%
Kuivasmäki Petäjävesi Keski-Suomi
9%
Kuninkaanjoki Soini Etelä-Pohjanmaa
8%
Sonkisaari Vesanto Pohjois-Savo
8%
Ehtoja vastaavia visoja ei löytynyt
Tulosjakauma
Jokaisen tuloksen saaneiden osuus
Persentiili vastausten määrän mukaan
Tuloshistoriasi
Et ole pelannut tätä visaa sen viimeisimmän päivityksen jälkeen